Normal view
MARC view
- ديننج،اللورد؛ترجمة:هنري رياض/عبد العزيز صفوت
Entry Personal Name
001 - CONTROL NUMBER
- control field: 14702
003 - CONTROL NUMBER IDENTIFIER
- control field: JO-AjAnu
005 - DATE AND TIME OF LATEST TRANSACTION
- control field: 20230606072639.0
008 - FIXED-LENGTH DATA ELEMENTS
- fixed length control field: 230606|| aca||aabn | a|a d
040 ## - CATALOGING SOURCE
- Original cataloging agency: JO-AjAnu
- Transcribing agency: JO-AjAnu
100 ## - HEADING--PERSONAL NAME
- Personal name: ديننج،اللورد؛ترجمة:هنري رياض/عبد العزيز صفوت
670 ## - SOURCE DATA FOUND
- Source citation: Work cat.: (JO-AjAnu)7551: ديننج،اللورد؛ترجمة:هنري رياض/عبد العزيز صفوت, author, نقابات العمال بين القانون والسياسة=Trade Unions